000 00630nam a2200241Ia 4500
003 OSt
005 20220918173943.0
006 a|||||r|||| 00| 0
007 ta
008 220917b |||||||| |||| 00| 0 eng d
024 _a9,452
037 _cTextual
040 _aARTS
_cARTS
_beng
041 _2eng
_aeng
082 _a2:51, G9
100 _aBliss Henry Evelyn
_948571
245 0 _aOrganization of knowledge in libraries and the subject approach to books
250 _a2nd
260 _c1939
650 _aLIBRARY SCIENCE
942 _h2:51, G9
_cTEXL
_2CC
999 _c151094
_d151094